Llwytho...

RHODORA : JOURNAL OF NEW ENGLAND BOTANICAL CLUB

Manylion Llyfryddiaeth
Fformat: Printed Book
Cyhoeddwyd: USA NEW ENGLAND BOTANICAL CLUB 1966
Pynciau:
LEADER 00504nam a2200205 4500
020
037
082 |a 580 05 RHO 
100
245 |a RHODORA : JOURNAL OF NEW ENGLAND BOTANICAL CLUB  |h English 
250
260 |a USA  |b NEW ENGLAND BOTANICAL CLUB  |c 1966 
300 |a 543  |f HB 
500
590
630
650 |a BOTANY 
942 |c TB 
999 |c 170360  |d 170360 
952 |0 0  |1 0  |4 0  |6 580_050000000000000_RHO  |7 0  |9 183795  |a BOT  |b BOT  |l 0  |o 580 05 RHO  |p BOT5475  |r 2019-10-25  |w 2019-10-25  |y TB